<?xml version="1.0" encoding="UTF-8"?><?xml-stylesheet type="text/xsl" href="static/style.xsl"?><OAI-PMH xmlns="http://www.openarchives.org/OAI/2.0/" xmlns:xsi="http://www.w3.org/2001/XMLSchema-instance" xsi:schemaLocation="http://www.openarchives.org/OAI/2.0/ http://www.openarchives.org/OAI/2.0/OAI-PMH.xsd"><responseDate>2026-04-14T05:42:20Z</responseDate><request verb="GetRecord" identifier="oai:www.recercat.cat:2445/120822" metadataPrefix="marc">https://recercat.cat/oai/request</request><GetRecord><record><header><identifier>oai:recercat.cat:2445/120822</identifier><datestamp>2025-12-04T20:36:44Z</datestamp><setSpec>com_2072_1057</setSpec><setSpec>col_2072_478800</setSpec><setSpec>col_2072_478917</setSpec></header><metadata><record xmlns="http://www.loc.gov/MARC21/slim" xmlns:dcterms="http://purl.org/dc/terms/" xmlns:xsi="http://www.w3.org/2001/XMLSchema-instance" xmlns:doc="http://www.lyncode.com/xoai" xsi:schemaLocation="http://www.loc.gov/MARC21/slim http://www.loc.gov/standards/marcxml/schema/MARC21slim.xsd">
   <leader>00925njm 22002777a 4500</leader>
   <datafield ind2=" " ind1=" " tag="042">
      <subfield code="a">dc</subfield>
   </datafield>
   <datafield ind2=" " ind1=" " tag="720">
      <subfield code="a">Elks, Cathy E.</subfield>
      <subfield code="e">author</subfield>
   </datafield>
   <datafield ind2=" " ind1=" " tag="720">
      <subfield code="a">Heude, Barbara</subfield>
      <subfield code="e">author</subfield>
   </datafield>
   <datafield ind2=" " ind1=" " tag="720">
      <subfield code="a">De Zegher, Franscis</subfield>
      <subfield code="e">author</subfield>
   </datafield>
   <datafield ind2=" " ind1=" " tag="720">
      <subfield code="a">Barton, Sheila J.</subfield>
      <subfield code="e">author</subfield>
   </datafield>
   <datafield ind2=" " ind1=" " tag="720">
      <subfield code="a">Clément, Karine</subfield>
      <subfield code="e">author</subfield>
   </datafield>
   <datafield ind2=" " ind1=" " tag="720">
      <subfield code="a">Inskip, Hazel M.</subfield>
      <subfield code="e">author</subfield>
   </datafield>
   <datafield ind2=" " ind1=" " tag="720">
      <subfield code="a">Koudou, Yves</subfield>
      <subfield code="e">author</subfield>
   </datafield>
   <datafield ind2=" " ind1=" " tag="720">
      <subfield code="a">Cooper, Cyrus</subfield>
      <subfield code="e">author</subfield>
   </datafield>
   <datafield ind2=" " ind1=" " tag="720">
      <subfield code="a">Dunger, David B.</subfield>
      <subfield code="e">author</subfield>
   </datafield>
   <datafield ind2=" " ind1=" " tag="720">
      <subfield code="a">Ibáñez Toda, Lourdes</subfield>
      <subfield code="e">author</subfield>
   </datafield>
   <datafield ind2=" " ind1=" " tag="720">
      <subfield code="a">Charles, Marie-Aline</subfield>
      <subfield code="e">author</subfield>
   </datafield>
   <datafield ind2=" " ind1=" " tag="720">
      <subfield code="a">Ong, Ken K.</subfield>
      <subfield code="e">author</subfield>
   </datafield>
   <datafield ind2=" " ind1=" " tag="260">
      <subfield code="c">2018-03-16T10:56:22Z</subfield>
   </datafield>
   <datafield ind2=" " ind1=" " tag="260">
      <subfield code="c">2018-03-16T10:56:22Z</subfield>
   </datafield>
   <datafield ind2=" " ind1=" " tag="260">
      <subfield code="c">2014-12-01</subfield>
   </datafield>
   <datafield ind2=" " ind1=" " tag="260">
      <subfield code="c">2018-03-16T10:56:22Z</subfield>
   </datafield>
   <datafield ind2=" " ind1=" " tag="520">
      <subfield code="a">IMPORTANCE: Patterns of body size and body composition associated with genetic obesity susceptibility inform the mechanisms that increase obesity risk. OBJECTIVE: To test associations between genetic obesity susceptibility, represented by a combined obesity risk-allele score, and body size or body composition at birth to age 5 years. DESIGN, SETTING, AND PARTICIPANTS: A total of 3031 children from 4 birth cohort studies in England, France, and Spain were included in a meta-analysis. EXPOSURES: A combined obesity risk-allele score was calculated from genotypes at 16 variants identified by genome-wide association studies of adult body mass index (BMI). MAIN OUTCOMES AND MEASURES: Outcomes were age- and sex-adjusted SD scores (SDS) for weight, length/height, BMI, fat mass, lean mass, and percentage of body fat at birth as well as at ages 1, 2 to 3, and 4 to 5 years. RESULTS: The obesity risk-allele score was not associated with infant size at birth; at age 1 year it was positively associated with weight (β [SE], 0.020 [0.008] SDS per allele; P = .009) and length (β [SE], 0.020 [0.008] SDS per allele; P = .01), but not with BMI (β [SE], 0.013 [0.008] SDS per allele; P = .11). At age 2 to 3 years these associations were stronger (weight: β [SE], 0.033 [0.008] SDS per allele; P &lt; .001; height: β [SE], 0.025 [0.008] SDS per allele; P &lt; .001) and were also seen for BMI (β [SE], 0.024 [0.008] SDS per allele; P = .003). The obesity risk-allele score was positively associated with both postnatal fat mass (1 year: β [SE], 0.032 [0.017] SDS per allele; P = .05; 2-3 years: β [SE], 0.049 [0.018] SDS per allele; P = .006; and 4-5 years: β [SE], 0.028 [0.011] SDS per allele; P = .009) and postnatal lean mass (1 year: β [SE], 0.038 [0.014] SDS per allele; P = .008; 2-3 years: β [SE], 0.064 [0.017] SDS per allele; P &lt; .001; and 4-5 years: β [SE], 0.047 [0.011] SDS per allele; P &lt; .001), but not with the percentage of body fat (P > .15 at all ages). CONCLUSIONS AND RELEVANCE: Genetic obesity susceptibility appears to promote a normally partitioned increase in early postnatal, but not prenatal, growth. These findings suggest that symmetrical rapid growth may identify infants with high life-long susceptibility for obesity.</subfield>
   </datafield>
   <datafield tag="653" ind2=" " ind1=" ">
      <subfield code="a">Teixit adipós</subfield>
   </datafield>
   <datafield tag="653" ind2=" " ind1=" ">
      <subfield code="a">Pes corporal</subfield>
   </datafield>
   <datafield tag="653" ind2=" " ind1=" ">
      <subfield code="a">Obesitat</subfield>
   </datafield>
   <datafield tag="653" ind2=" " ind1=" ">
      <subfield code="a">Anglaterra</subfield>
   </datafield>
   <datafield tag="653" ind2=" " ind1=" ">
      <subfield code="a">França</subfield>
   </datafield>
   <datafield tag="653" ind2=" " ind1=" ">
      <subfield code="a">Espanya</subfield>
   </datafield>
   <datafield tag="653" ind2=" " ind1=" ">
      <subfield code="a">Genètica</subfield>
   </datafield>
   <datafield tag="653" ind2=" " ind1=" ">
      <subfield code="a">Factors de risc en les malalties</subfield>
   </datafield>
   <datafield tag="653" ind2=" " ind1=" ">
      <subfield code="a">Adipose tissues</subfield>
   </datafield>
   <datafield tag="653" ind2=" " ind1=" ">
      <subfield code="a">Body weight</subfield>
   </datafield>
   <datafield tag="653" ind2=" " ind1=" ">
      <subfield code="a">Obesity</subfield>
   </datafield>
   <datafield tag="653" ind2=" " ind1=" ">
      <subfield code="a">England</subfield>
   </datafield>
   <datafield tag="653" ind2=" " ind1=" ">
      <subfield code="a">France</subfield>
   </datafield>
   <datafield tag="653" ind2=" " ind1=" ">
      <subfield code="a">Spain</subfield>
   </datafield>
   <datafield tag="653" ind2=" " ind1=" ">
      <subfield code="a">Genetics</subfield>
   </datafield>
   <datafield tag="653" ind2=" " ind1=" ">
      <subfield code="a">Risk factors in diseases</subfield>
   </datafield>
   <datafield ind2="0" ind1="0" tag="245">
      <subfield code="a">Associations between genetic obesity susceptibility and early postnatal fat and lean mass: an individual participant meta-analysis</subfield>
   </datafield>
</record></metadata></record></GetRecord></OAI-PMH>